000 01235nam a22002897a 4500
001 3061
003 FISKH
005 20240201151211.0
008 240201b cb ||||| |||| 00| 0 eng d
020 _a9781444016086
040 _aFISKH
_beng
_cFISKH
_dFISKH
050 _a823.92
082 _aPZ7
100 _aSimon, Francesca
245 _aHorrid Henry's Christmas Ambush /
_cby Simon, Francesca : illustrated by Ross, Tony
250 _aFirst published in 2006
260 _aLondon :
_bOrion Children's Books,
_c2006
300 _a73 pages :
_bcolor illustrations ;
_c21 cm .
490 _aEarly reader
505 _aQ
520 _aSanta's in for a shock in this hilarious Horrid Henry Christmas story, perfect for Early Readers. Early Readers are stepping stones from picture books to reading books. A blue Early Reader is perfect for sharing and reading together. A red Early Reader is the next step on your reading journey. Henry has a horrid plan to make sure he gets all the presents he wants on Christmas Day - he's going to kidnap Santa!
521 8 _a660
_bLexile
521 8 _aQ
_bRaz-Plus
600 _2children
_vchildren's fiction
700 _aRoss, Tony
_eillustrator
942 _2ddc
_cBK
_n0
999 _c3061
_d3061